| 000 | 00906nam a2200193 a 4500 | ||
|---|---|---|---|
| 001 | 000030243 | ||
| 005 | 20200930060149.0 | ||
| 008 | 110505s2004 dr a 000 0 spa d | ||
| 040 |
_aDO-SdBNP _bspa _cBNPHU |
||
| 082 |
_axxx _bH638b |
||
| 245 | 0 | 1 | _aHigiene básica y saneamiento ambiental. |
| 260 |
_aSanto Domingo : _bOficina Nacional para los Fondos Europeos de Desarrollo (ONFED) : _bUnión Europea y Centro de Estudios Sociales Padre Juan Montalvo, _c2004. |
||
| 300 |
_a15 p. : _bil. ; _c24 cm. |
||
| 490 | 1 |
_aMi barrio _acartilla educativa _vno. 2 |
|
| 490 | 1 | _aPrograma de Cooperación descentralizada para el saneamiento ambiental de los barrios marginados de Santo Domingo ; | |
| 830 | 0 |
_aMi barrio ; _pcartilla educativa _vno. 2 _956923 |
|
| 830 | 0 |
_aPrograma de Cooperación descentralizada para el saneamiento ambiental de los barrios marginados de Santo Domingo ; _vno. 2 _956922 |
|
| 049 | _aBNPD | ||
| 999 |
_c29735 _d29735 |
||